<?xml version="1.0" encoding="UTF-8"?>
<marc:record xmlns:marc="http://www.loc.gov/MARC21/slim">
   <marc:leader>00000nam a2200000 a 4500</marc:leader>
   <marc:datafield ind1="1" ind2=" " tag="100">
      <marc:subfield code="a">Welsh, Renate</marc:subfield>
      <marc:subfield code="4">aut</marc:subfield>
      <marc:subfield code="e">Verfasser/-in</marc:subfield>
   </marc:datafield>
   <marc:datafield ind1=" " ind2=" " tag="653">
      <marc:subfield code="a">Großstadt</marc:subfield>
   </marc:datafield>
   <marc:datafield ind1=" " ind2=" " tag="653">
      <marc:subfield code="a">Mädchen</marc:subfield>
   </marc:datafield>
   <marc:datafield ind1=" " ind2=" " tag="653">
      <marc:subfield code="a">Armut</marc:subfield>
   </marc:datafield>
   <marc:datafield ind1=" " ind2=" " tag="653">
      <marc:subfield code="a">Freundschaft</marc:subfield>
   </marc:datafield>
   <marc:datafield ind1=" " ind2=" " tag="653">
      <marc:subfield code="a">Kinderbuch</marc:subfield>
   </marc:datafield>
   <marc:datafield ind1="0" ind2="0" tag="245">
      <marc:subfield code="a">Dr. Chickensoup</marc:subfield>
   </marc:datafield>
   <marc:datafield ind1="0" ind2="0" tag="245">
      <marc:subfield code="c">Welsh, Renate</marc:subfield>
   </marc:datafield>
   <marc:datafield ind1=" " ind2="1" tag="264">
      <marc:subfield code="a">St. Pölten ; Salzburg</marc:subfield>
      <marc:subfield code="b">Residenz-Verl.</marc:subfield>
      <marc:subfield code="c">2011</marc:subfield>
   </marc:datafield>
   <marc:datafield ind1="1" ind2=" " tag="490">
      <marc:subfield code="a">Nilpferd in Residenz</marc:subfield>
   </marc:datafield>
   <marc:datafield ind1="1" ind2=" " tag="520">
      <marc:subfield code="a">Zwei Wiener Mädchen, die in erschwerten häuslichen Verhältnissen aufwachsen, schließen Freundschaft und verwirklichen die Idee von einer Hühnersuppe als Arznei gegen Kummer und Krankheit. Ab 10. Tonis tägliches Leben findet innerhalb enger Grenzen statt. Sie lebt allein mit ihrer Mutter, die mit ihrem Mc-Job kaum genug zum Leben verdient. Geld für neue Hefte? Gibt es nicht. Am Schulausflug teilnehmen? Zu teuer. Ein eigener Computer? Utopische Vorstellung! Freunde sind rar, nicht einmal satt wird Toni jeden Tag. In ihrer Not muss Toni erfinderisch werden, wovon aber möglichst niemand etwas bemerken soll. Tonis resolute Oma hilft, wo sie kann. Allerdings macht das die Sache nicht einfacher. Toni mag es nicht, wenn Oma Mama Vorwürfe macht; da tut sie schon lieber so, als wäre alles in bester Ordnung ... Das Nilpferd freut sich, Renate Welsh willkommen zu heißen. Ihre sensible Geschichte rund um Tonis viel zu normalen Alltag öffnet den Blick für die Nöte vieler Mitmenschen. Sie regt an, genauer hinzusehen, und vermag wohl einige Perspektiven zurechtzurücken. (Verlagstext)</marc:subfield>
   </marc:datafield>
   <marc:datafield ind1=" " ind2=" " tag="020">
      <marc:subfield code="a">9783701720996</marc:subfield>
      <marc:subfield code="9">9783701720996</marc:subfield>
   </marc:datafield>
   <marc:datafield ind1=" " ind2=" " tag="020">
      <marc:subfield code="a">3701720991</marc:subfield>
      <marc:subfield code="9">3701720991</marc:subfield>
   </marc:datafield>
   <marc:datafield ind1=" " ind2=" " tag="041">
      <marc:subfield code="a">ger</marc:subfield>
   </marc:datafield>
   <marc:datafield ind1=" " ind2=" " tag="338">
      <marc:subfield code="a">Band</marc:subfield>
   </marc:datafield>
   <marc:datafield ind1=" " ind2=" " tag="300">
      <marc:subfield code="a">143 S. : Ill.</marc:subfield>
   </marc:datafield>
</marc:record>
